Statistics for Parks and Recreation Quiz

Click here to take the quiz!

General Stats

  • This quiz has been taken 163 times
  • The average score is 10 of 15

Answer Stats

HintAnswer% Correct
City it takes place inPawnee
100%
How did Andy break his legs?Fell into the pit
92%
What is JJ's diner famous for?Waffles
90%
Leslie's favorite PoliticianJoe Biden
84%
Leslie's city council rivalJamm
76%
How long did Gerry live to?100
73%
Ron's political partyLibertarian
73%
Tom's first wifeWendy
71%
What city was Ben the mayor of?Partridge
69%
What state is Ben from?Minnesota
68%
Donna's famous cousinGenuine
53%
What does Donna become after her days at the parks departmentRealtor
42%
Where do Chris and Ann move to?Ann Arbor
41%
Where did April and Andy meet?Ann's house
40%
How many ounces is in the child size drink at Paunch Burger?512
38%

Score Distribution

Percentile by Number Answered

Percent of People with Each Score

Your Score History

You have not taken this quiz